IN DESIGN / (Record no. 566321)

000 -LEADER
fixed length control field 00317nam a22001337a 4500
020 ## - INTERNATIONAL STANDARD BOOK NUMBER
Qualifying information PB.
040 ## - CATALOGING SOURCE
Transcribing agency FIZZA ISHAQ
082 ## - DEWEY DECIMAL CLASSIFICATION NUMBER
Classification number 006.6846
Author Mark ADO
100 ## - MAIN ENTRY--PERSONAL NAME
Personal name SYSTEM, ADOBE.
9 (RLIN) 55470
245 ## - TITLE STATEMENT
Title IN DESIGN /
Statement of responsibility, etc. ADOBE SYSTEM
260 ## - PUBLICATION, DISTRIBUTION, ETC.
Place of publication, distribution, etc. NEW YORK :
Name of publisher, distributor, etc. ADOBE PUBLISHERS,
Date of publication, distribution, etc. 1999.
300 ## - PHYSICAL DESCRIPTION
Extent 437 P. ;
942 ## - ADDED ENTRY ELEMENTS (KOHA)
Source of classification or shelving scheme
Koha item type Book
Holdings
Withdrawn status Lost status Source of classification or shelving scheme Damaged status Not for loan Permanent Location Current Location Date acquired Total Checkouts Full call number Barcode Date last seen Price effective from Koha item type
          NUST Baluchistan Campus (NBC) NUST Baluchistan Campus (NBC) 06/25/2021   006.6846 ADO Q-1979 06/25/2021 06/25/2021 Book
© 2023 Central Library, National University of Sciences and Technology. All Rights Reserved.